000 00708nam a2200241Ia 4500
001 dia_2800
003 CHAP
005 20230516140521.0
008 220117s1995 xx 000 0 und d
010 _a173300
040 _cCHAP
082 _a664.15 F5
100 _aFigueroa de Dueñas, Martha
_940811
245 _aXocoatl: Chocolate, la Aportación de México al Mundo Recetas e Historia /
_c por Martha Figueroa de Dueñas
260 _aMéxico, Diana
_c1995
300 _a332P.
650 _aChocolate
_922816
650 _aChocolate
_xhistoria
_9153524
901 _a664.15 F5
902 _aM
905 _a0000001995 MEXA 0000000000ESP00
942 _cLIBRO
_2ddc
999 _c173300
_d173300